| 000 | 01873 a2200277 4500 | ||
|---|---|---|---|
| 001 | OB-pum-3583 | ||
| 003 | FrMaCLE | ||
| 005 | 20251214082543.0 | ||
| 007 | cu ||||||m|||| | ||
| 008 | 171106e||||||||xx |||||s|||||||||0|fr|d | ||
| 020 | _a978-2-8218-9545-4 | ||
| 024 | 7 |
_a10.4000/books.pum.3583 _2doi |
|
| 040 | _aFR-FrMaCLE | ||
| 041 | _afra | ||
| 100 | 1 | _aViau, Roland | |
| 245 | 1 | 0 |
_aAmerindia : _bEssais d'ethnohistoire autochtone / _cRoland Viau. |
| 260 |
_aMontréal : _bPresses de l’Université de Montréal, _c2017. |
||
| 300 | _a262 p. | ||
| 500 | _aEbook | ||
| 520 | _a De nos jours, on ne défend plus l’idée que les peuples autochtones conquis et colonisés étaient sans culture ou sans histoire, tout en reconnaissant néanmoins que leur histoire était obscure et leur univers culturel opaque pour les premiers voyageurs européens. Roland Viau écrit ici la rencontre entre l’Europe et l’Amerindia en donnant la parole à l’Autre. Sa perspective est globale, proche de la world history – symbiose entre les disciplines de la mémoire : ethnologie, histoire et archéologie – et loin de la vision d’un monde façonné par le seul Occident. Sans poursuivre le procès d’intention fait aux colonisateurs de l’Amérique du Nord, l’auteur dresse un portrait saisissant des Autochtones à travers le récit de leurs traditions orales, leurs cosmologies et leurs mythes. Il nous invite à penser le monde dans sa longue durée et dans la compréhension des relations souvent conflictuelles entre les sociétés dominantes du Nord et les nations encore globalement dominées du Sud. | ||
| 540 |
_aOpenEdition Books License _uhttps://www.openedition.org/12554 |
||
| 650 | 4 | _aHistory | |
| 650 | 4 | _aHistoire et Sciences humaines | |
| 776 | _z978-2-7606-3583-8 | ||
| 856 | 4 |
_eViau, Roland _uhttps://books.openedition.org/pum/3583 _yAmerindia |
|
| 999 |
_c1816 _d1816 |
||